Výkaz o peňažných tokoch (cash flow) podľa IAS

História výkazu. Peniaze a peňažné ekvivalenty. Členenie výkazu o peňažných tokoch. Úroky a dividendy. Metódy zostavovania výkazu o peňažných tokoch. Forma výkazu o peňažných tokoch. Ilustračné príklady.

Gespeichert in:
Bibliographische Detailangaben
1. Verfasser: Krupová, Lenka
Format: Buchkapitel
Sprache:Slowakisch
Schlagworte:
Tags: Tag hinzufügen
Keine Tags, Fügen Sie das erste Tag hinzu!

MARC

LEADER 00000naa a2200000 4500
001 0169880
005 20231207111918.9
041 0 |a slo 
044 |a SK 
245 1 0 |a Výkaz o peňažných tokoch (cash flow) podľa IAS  |c Lenka Krupová 
520 |a História výkazu. Peniaze a peňažné ekvivalenty. Členenie výkazu o peňažných tokoch. Úroky a dividendy. Metódy zostavovania výkazu o peňažných tokoch. Forma výkazu o peňažných tokoch. Ilustračné príklady. 
610 2 0 |a výkazy účtovné 
610 2 0 |a dividendy 
610 2 0 |a cash flow 
610 2 0 |a štandardy účtovné medzinárodné 
610 2 0 |a peniaze 
100 1 |a Krupová, Lenka